Homestuck: Beta Humans and Trolls - Statistics

General Stats
  • This quiz has been taken 161 times
    8 since last reset
  • The average score is 52 of 75
Answer Stats
Name Surname % Correct
Eridan Aquarius
100%
John Egbert
100%
Rose Lavender
100%
Aradia mar00n
100%
Eridan vviolet
100%
Feferi WIN-E!
100%
Equius 1/2Bowkind
75%
Eridan Ampora
75%
Vriska arachnidsGrip
75%
Aradia Aries
75%
Dave Bladekind
75%
John Blue
75%
Tavros bROWN,
75%
Karkat Cancer
75%
Gamzee Capricorn
75%
Sollux Captor
75%
Karkat carcinoGeneticist
75%
Equius centaursTesticle
75%
Vriska cerul8n
75%
Nepeta Clawkind
75%
Jphn ectoBiologist
75%
Sollux Gemini
75%
Karkat GRAY.
75%
Jade Green
75%
John Hammerkind
75%
Jade Harley
75%
Equius indigo
75%
Kanaya Jade
75%
Rose Lalonde
75%
Nepeta Leijon
75%
Nepeta Leo
75%
Terezi Libra
75%
Gamzee Makara
75%
Kanaya Makeupkind
75%
Kanaya Maryam
75%
Aradia Megido
75%
Sollux mu2tard
75%
Rose Needlekind
75%
Tavros Nitram
75%
Nepeta oliv3
75%
Feferi Peixes
75%
Feferi Pisces
75%
Gamzee PuRpLe
75%
Terezi Pyrope
75%
Dave Red
75%
Jade Riflekind
75%
Eridan Riflekind
75%
Equius Sagittarius
75%
Vriska Scorpio
75%
Vriska Serket
75%
Karkat Sicklekind
75%
Dave Strider
75%
Terezi T34L
75%
Tavros Taurus
75%
Rose tentacleTherapist
75%
Dave turntechGodhead
75%
Karkat Vantas
75%
Kanaya Virgo
75%
Equius Zahhak
75%
Aradia apocalypseArisen
50%
Nepeta arsenicCatnip
50%
Terezi Canekind
50%
Vriska Dicekind
50%
Jade gardenGnostic
50%
Kanaya grimAuxiliatrix
50%
Tavros Lancekind
50%
Sollux twinArmageddons
50%
Feferi 2x3dentkind
25%
Tavros adiosToreador
25%
Eridan caligulasAquarium
25%
Gamzee Clubkind
25%
Feferi cuttlefishCuller
25%
Terezi gallowsCalibrator
25%
Gamzee terminallyCapricious
25%
Aradia Whipkind
25%
No matching quizzes found
Score Distribution
Percent of People with Each Score
Percentile by Number Answered
Your Score History
You have not taken this quiz since the last reset